Les 10 villes les plus peuplées de Haute-Garonne (31) - Statistiques

Statistiques générales
  • Ce quiz a été pris 49 fois
  • Le résultat moyen est 6 sur 10
Statistiques - réponses
Population Communes % Correct
511 700 Toulouse
100%
27 300 Blagnac
89%
40 900 Colomiers
85%
25 700 Muret
85%
29 700 Tournefeuille
77%
17 400 Balma
62%
20 200 Cugnaux
40%
15 200 Ramonville-Saint-Agne
34%
15 300 Castanet-Tolosan
30%
20 500 Plaisance-du-Touch
30%
Aucun quiz correspondant
Distribution des résultats
% des personnes avec chaque résultat
Percentile par nombre de réponses
Votre historique - résultats
Vous n’avez pas pris ce quiz